Hodnocení vybraných aspektů pacienty s tělesným znevýhodněním

Subjektívne hodnotenie potrieb pacientov s telesným znevýhodnením v dobe hospitalizácie.

Saved in:
Bibliographic Details
Main Author: Neugebauer, Jan
Other Authors: Tóthová, Valérie, Doležalová, Jitka, Olišarová, Věra
Format: Book Chapter
Language:Czech
Subjects:
Tags: Add Tag
No Tags, Be the first to tag this record!

MARC

LEADER 00000naa a2200000 4500
001 0273505
005 20230313094225.6
041 0 |a cze 
044 |a CZ 
245 1 0 |a Hodnocení vybraných aspektů pacienty s tělesným znevýhodněním  |c Jan Neugebauer, Valérie Tóthová, Jitka Doležalová, Věra Olišarová 
520 |a Subjektívne hodnotenie potrieb pacientov s telesným znevýhodnením v dobe hospitalizácie. 
610 2 0 |a zdravie duševné 
610 2 0 |a osoby zdravotne postihnuté 
610 2 0 |a nemocnice 
610 2 0 |a potreby osobné 
610 2 0 |a pacienti 
100 1 |a Neugebauer, Jan 
700 1 |a Tóthová, Valérie 
700 1 |a Doležalová, Jitka 
700 1 |a Olišarová, Věra